| 000 | 01380nam a2200205Ia 4500 | ||
|---|---|---|---|
| 001 | b5681-38499 | ||
| 003 | IT-MiCISF | ||
| 008 | 161014s9999||||xx |||||||||||||| ||und|| | ||
| 040 |
_aIT-MiCISF _cIT-MiCISF |
||
| 041 | _ait | ||
| 100 | _aPalmieri Germano | ||
| 245 | 0 |
_aIl diritto nella vita di coppia _bDal fidanzamento al divorzio fra legge e giurisprudenza |
|
| 250 | _a1a ed. | ||
| 260 |
_a Milano _bGiuffré _c2003 |
||
| 300 | _app. XI-136 | ||
| 500 | _a / matrimonio-civile, fidanzamento, convivenza, diritto, rapporti-patrimoniali, potestà-genitoriale, separazione, divorzio, morte / Il libro si prefigge di offrire ai protagonisti della vita di coppia, si tratti di coniugi, di conviventi o di fidanzati, la conoscenza delle regole del diritto che disciplinano queste relazioni, e soprattutto delle sentenze che hanno portato i giudici, sia di merito che di legittimità, a decidere in ordine alle fattispecie portate alla loro attenzione. La trattazione muove dal fidanzamento per passare poi alla convivenza e al matrimonio, alla separazione personale e allo scioglimento del matrimonio, non senza aver toccato i rapporti genitori-figli, anche adottivi, la successione per causa di morte e i risvolti penali ai quali può essere interessata la vita familiare. | ||
| 650 |
_a Famiglia nella società / matrimonio _e006 |
||
| 942 | _cBK | ||
| 957 | _71 | ||
| 999 |
_a38499 _bsi _g1 _c211443 _d211443 |
||